书目信息 |
| 题名: |
连续介质力学
|
|
| 作者: | 朗道 , 栗弗席兹 著 ;彭旭麟 译 | |
| 分册: | 第一册 | |
| 出版信息: | 北京 人民教育出版社 1958 |
|
| 页数: | 312页 | |
| 开本: | 20cm | |
| 丛书名: | ||
| 单 册: | ||
| 中图分类: | O33 | |
| 科图分类: | ||
| 主题词: | 连续介质力学 | |
| 电子资源: | ||
| ISBN: | ||
| 000 | 00699nam0 2200229 450 | |
| 001 | 0653663151 | |
| 005 | 20060816170139.42 | |
| 010 | @dCNY0.76 | |
| 091 | @a13012.0193 | |
| 100 | @a20060404d1958 km y0chiy0120 ea | |
| 101 | 0 | @achi |
| 102 | @aCN@b110000 | |
| 200 | 1 | @a连续介质力学@Alian xu jie zhi li xue@h第一册@fД·Д·朗道,Е·М·栗弗席兹著@FД·Д·lang dao,Е·М·li fu xi zi zhu@g彭旭麟译@Gpeng xu lin yi |
| 210 | @a北京@c人民教育出版社@d1958 | |
| 215 | 1 | @a312页@d20cm |
| 606 | 0 | @a连续介质力学 |
| 690 | @aO33@v4 | |
| 701 | 0 | @a朗道@Alang dao@4著 |
| 701 | 0 | @a栗弗席兹@Ali fu xi zi@4著 |
| 702 | 0 | @a彭旭麟@Apeng xu lin@4译 |
| 801 | 0 | @aCN@bPFT@c20060816 |
| 905 | @a10447@dO33@e11:1 | |
| 连续介质力学.第一册/Д·Д·朗道,Е·М·栗弗席兹著/彭旭麟译.-北京:人民教育出版社,1958 |
| 312页;20cm |
| ISBN :CNY0.76 |
| ● |
| 相关链接 |
|
|
|
|
正题名:连续介质力学
索取号:O33/11:1
 
预约/预借
| 序号 | 登录号 | 条形码 | 馆藏地/架位号 | 状态 | 备注 |
| 1 | 0055252 | 202228963 | 密集书库/ [索取号:O33/11:1] | 在馆 | |
| 2 | 0055253 | 202364887 | 密集书库/ [索取号:O33/11:1] | 在馆 | |
| 3 | 0055254 | 202364896 | 密集书库/ [索取号:O33/11:1] | 在馆 | |
| 4 | 0430982 | 204309827 | 密集书库/ [索取号:O33/11:1] | 在馆 | |
| 5 | 0430983 | 204309836 | 密集书库/ [索取号:O33/11:1] | 在馆 | |
| 6 | 0461959 | 204619591 | 密集书库/ [索取号:O33/11:1] | 在馆 |